000 00946nam a2200289 a 4500
999 _c130055
_d130055
001 1151320
003 ARRUPE
005 20191118091604.0
008 950517s1995 ilua b 001 0 eng
010 _a 95154245
020 _a0881338184
040 _aDLC
_cDLC
050 0 4 _aLA11
_b.G8 1972
082 0 0 _a370/.9
_220
100 1 _aGutek, Gerald Lee.
_946056
245 1 2 _aA history of the Western educational experience /
_cGerald L. Gutek.
246 3 0 _aWestern educational experience
250 _a2nd ed.
260 _aProspect Heights, Ill. :
_bWaveland Press,
_cc1995.
300 _ax, 558 p. :
_bill. ;
_c23 cm.
504 _aIncludes bibliographical references and index.
650 0 _aEducation
_xHistory.
_93436
650 0 _aEducation
_xPhilosophy.
_948734
906 _a7
_bcbc
_corignew
_d2
_encip
_f19
_gy-gencatlg
942 _2lcc
_cMONOGRAPH